000 00966nam0a22002411 4500
001 rc\4287791
005 20130416123151.4
035 _a(NLR Aleph) 008250715
090 _a8334301
_c8334301
100 _a20130416d1964 |||y0rusy50 ca
101 0 _arus
102 _aRU
105 _aa z |||||
200 1 _aУстройство для загрузки шихты в загранки
_fГос. Ком. Совета Министров РСФСР по координации науч.-исслед. работ. Гос. Науч.-исслед. ин-т науч. и техн. информации
210 _aМосква
_cБ. и.
_d1964
215 _a5 с.
_cчерт.
_d14
225 1 _aПередовой научно-технический и производственный опыт
_v№ 27-64-833/84
700 1 _aБензелюк
_bГ. П.
801 0 _aRU
_bNLR
_gpsbo
801 1 _aRU
_bELAR
_2rusmarc
852 _aNLR
_jП11/2295
942 _cBOOK
980 _aNB